| 000 | 00384nam a2200133Ia 4500 | ||
|---|---|---|---|
| 008 | 220217s9999||||xx |||||||||||||| ||und|| | ||
| 020 | _a81-7515-298-2 | ||
| 082 | _a003 JAI | ||
| 100 |
_aJain,S.K Mehta D.M _91998 |
||
| 245 | 0 | _aOperation research: an introduction | |
| 260 |
_aGalgotia publications pvt. ltd. _bNew Delhi _c2000 |
||
| 300 | _b126 | ||
| 650 | _aOPERATION RESEARCH | ||
| 999 |
_c167910 _d167910 |
||